000 00288 a2200097 4500
001 55002
100 _aZakir Naik Dr.
245 _aIslam par ghair muslmoin ke itherazat aur ion ke jawabath English version
260 _aLahore
_bBeacon Books, Lahore
_c2006
090 _c34101
_d34101
942 _aNUST-CAE
_cMONOGRAPH
_c26783
999 _c290075
_d290075